| 000 | 00878cab a2200265 4500 | ||
|---|---|---|---|
| 001 | ABS54277 | ||
| 008 | 090401t1995 xxu||||| |||| 00| 0 eng d | ||
| 035 | _a(Sirsi) u9490 | ||
| 041 | _aeng | ||
| 245 | _aHewgate Construction Ltd v Anthony Callaghan and Thomas Whelton (trading as R W Construction) | ||
| 260 | _c1995 | ||
| 350 | _a0 | ||
| 490 |
_aConstruction Law Journal _v1995 11 CLJ 458-464(4) |
||
| 520 | _aCA 11 April 1995. Dismissed claim that under NFBTE subcontract (blueform) Cl 7(1), the contractor owed a duty to safeguard subcontractors plant. Appeal allowed. | ||
| 650 | _aCONTRACTUAL CLAIMS | ||
| 650 | _aNEGLIGENCE | ||
| 650 | _aNFBTE SUBCONTRACT | ||
| 650 | _aPLANT AND MACHINERY | ||
| 650 | _aSECURITY | ||
| 650 | _aSUBCONTRACTORS | ||
| 650 | _aVANDALISM | ||
| 690 | _aBUILDING AND CONSTRUCTION-CASE LAW | ||
| 942 | _n0 | ||
| 948 | _c04/03/1997 | ||
| 999 |
_c5935 _d5935 |
||